La accion preventiva de daños: (Registro nro. 6545)
[ vista simple ]
| 000 -LEADER | |
|---|---|
| fixed length control field | 01424nam a22004577a 4500 |
| 003 - CONTROL NUMBER IDENTIFIER | |
| control field | OSt |
| 005 - DATE AND TIME OF LATEST TRANSACTION | |
| control field | 20260506081120.0 |
| 007 - PHYSICAL DESCRIPTION FIXED FIELD--GENERAL INFORMATION | |
| fixed length control field | ta |
| 008 - FIXED-LENGTH DATA ELEMENTS--GENERAL INFORMATION | |
| fixed length control field | 260506s2025 ag ||||| |||| 00| 0 spa d |
| 020 ## - INTERNATIONAL STANDARD BOOK NUMBER | |
| International Standard Book Number | 9786316663535 |
| 040 ## - CATALOGING SOURCE | |
| Transcribing agency | cj catamarca |
| 082 ## - DEWEY DECIMAL CLASSIFICATION NUMBER | |
| Classification number | 347.952.4 B724 |
| 100 10 - MAIN ENTRY--PERSONAL NAME | |
| 9 (RLIN) | 331 |
| Personal name | Boonman, Vanessa J. A. |
| 245 13 - TITLE STATEMENT | |
| Title | La accion preventiva de daños: |
| Remainder of title | la complejidad de la decision judicial |
| 250 ## - EDITION STATEMENT | |
| Edition statement | 1º ed. |
| 260 ## - PUBLICATION, DISTRIBUTION, ETC. | |
| Place of publication, distribution, etc. | Resistencia: |
| Name of publisher, distributor, etc. | Contexto, |
| Date of publication, distribution, etc. | 2025 |
| 300 ## - PHYSICAL DESCRIPTION | |
| Extent | 470 p. |
| Dimensions | 23 cm |
| 500 ## - GENERAL NOTE | |
| General note | INVENTARIO Nº 8176 |
| 650 #7 - SUBJECT ADDED ENTRY--TOPICAL TERM | |
| Source of heading or term | SAIJ |
| 653 ## - INDEX TERM--UNCONTROLLED | |
| Uncontrolled term | CCyC |
| 653 ## - INDEX TERM--UNCONTROLLED | |
| Uncontrolled term | ACCION PREVENTIVA |
| 653 ## - INDEX TERM--UNCONTROLLED | |
| Uncontrolled term | DAÑO |
| 653 ## - INDEX TERM--UNCONTROLLED | |
| Uncontrolled term | DAÑO-PREVENCION |
| 653 ## - INDEX TERM--UNCONTROLLED | |
| Uncontrolled term | Arts. 1710 a 1715-CCyC |
| 653 ## - INDEX TERM--UNCONTROLLED | |
| Uncontrolled term | PREVENCION PROCESAL |
| 653 ## - INDEX TERM--UNCONTROLLED | |
| Uncontrolled term | PREVENCION-MAGISTRATURA-ROL |
| 653 ## - INDEX TERM--UNCONTROLLED | |
| Uncontrolled term | PREVENCION-PROCEDIMIENTO |
| 653 ## - INDEX TERM--UNCONTROLLED | |
| Uncontrolled term | ACCION PREVENTIVA-PRUEBA |
| 653 ## - INDEX TERM--UNCONTROLLED | |
| Uncontrolled term | DECISION JUDICIAL-MOTIVACION |
| 653 ## - INDEX TERM--UNCONTROLLED | |
| Uncontrolled term | PREVENCION-PRINCIPIOS PROCESALES |
| 653 ## - INDEX TERM--UNCONTROLLED | |
| Uncontrolled term | PREVENCION-DAÑO-INTERNET |
| 653 ## - INDEX TERM--UNCONTROLLED | |
| Uncontrolled term | REDES SOCIALES-DERECHOS PERSONALISIMOS |
| 653 ## - INDEX TERM--UNCONTROLLED | |
| Uncontrolled term | PREVENCION-DERECHO NIÑO |
| 653 ## - INDEX TERM--UNCONTROLLED | |
| Uncontrolled term | FAKE NEWS-NOTICIAS FALSAS |
| 653 ## - INDEX TERM--UNCONTROLLED | |
| Uncontrolled term | BUSCADORES-RESPONSABILIDAD |
| 653 ## - INDEX TERM--UNCONTROLLED | |
| Uncontrolled term | LIBERTAD DE EXPRESION-DIFAMACION |
| 653 ## - INDEX TERM--UNCONTROLLED | |
| Uncontrolled term | PREVENCION-DERECHO AMBIENTAL |
| 653 ## - INDEX TERM--UNCONTROLLED | |
| Uncontrolled term | JURISPRUDENCIA |
| 856 ## - ELECTRONIC LOCATION AND ACCESS | |
| Uniform Resource Identifier | <a href="https://drive.google.com/file/d/1gO8Dzr5KY0Gev5ELnOvusTe69_euZpwt/view?usp=sharing">https://drive.google.com/file/d/1gO8Dzr5KY0Gev5ELnOvusTe69_euZpwt/view?usp=sharing</a> |
| 942 ## - ADDED ENTRY ELEMENTS (KOHA) | |
| Source of classification or shelving scheme | Dewey Decimal Classification |
| Koha item type | Book |
| Suppress in OPAC | No |
| Withdrawn status | Lost status | Source of classification or shelving scheme | Damaged status | Not for loan | Home library | Current library | Date acquired | Source of acquisition | Total Checkouts | Full call number | Barcode | Date last seen | Price effective from | Koha item type |
|---|---|---|---|---|---|---|---|---|---|---|---|---|---|---|
| Dewey Decimal Classification | PJCB | PJCB | 05/06/2026 | Compra | 347.952.4 B724 | 8176 | 05/06/2026 | 05/06/2026 | Book |

